The Young Naturalist / (Record no. 5203)

MARC details
000 -LEADER
fixed length control field 01308nam a22003137a 4500
001 - CONTROL NUMBER
control field 5203
003 - CONTROL NUMBER IDENTIFIER
control field FISKH
005 - DATE AND TIME OF LATEST TRANSACTION
control field 20241119085748.0
008 - FIXED-LENGTH DATA ELEMENTS--GENERAL INFORMATION
fixed length control field 241119b cb ||||| |||| 00| 0 eng d
020 ## - INTERNATIONAL STANDARD BOOK NUMBER
International Standard Book Number 9780860206538
040 ## - CATALOGING SOURCE
Original cataloging agency FISKH
Language of cataloging eng
Transcribing agency FISKH
Modifying agency FISKH
050 ## - LIBRARY OF CONGRESS CALL NUMBER
Classification number QH48
082 ## - DEWEY DECIMAL CLASSIFICATION NUMBER
Classification number 508
100 ## - MAIN ENTRY--PERSONAL NAME
Personal name Mitchell, Andrew
245 ## - TITLE STATEMENT
Title The Young Naturalist /
Statement of responsibility, etc. by Andrew Mitchell
250 ## - EDITION STATEMENT
Edition statement First publish in 1982
260 ## - PUBLICATION, DISTRIBUTION, ETC.
Place of publication, distribution, etc. London :
Name of publisher, distributor, etc. Usborne Publishing Ltd ;
Date of publication, distribution, etc. 1989, 1982 .
300 ## - PHYSICAL DESCRIPTION
Extent 32 pages :
Other physical details color illustrations ;
Dimensions 28 cm .
490 ## - SERIES STATEMENT
Series statement Usborne Hobby Guides
505 ## - FORMATTED CONTENTS NOTE
Formatted contents note U <br/>
520 ## - SUMMARY, ETC.
Summary, etc. The Usborne Young Naturalist is an introduction to nature study for complete beginners. There is much more to being a naturalist than simply collecting and identifying animals and plants. This book shows how to set about collecting, observing and experimenting in the natural world. There are lots of activities and projects to do and ideas for going further. This book is an ideal starting point for anyone who wants to take up a fun new hobby.
521 8# - TARGET AUDIENCE NOTE
Target audience note 820 <br/>
Source Lexile estimate <br/>
521 8# - TARGET AUDIENCE NOTE
Target audience note U <br/>
Source Raz-Plus <br/>
650 ## - SUBJECT ADDED ENTRY--TOPICAL TERM
Topical term or geographic name entry element nature study
Form subdivision non-fiction
650 ## - SUBJECT ADDED ENTRY--TOPICAL TERM
Topical term or geographic name entry element biology
Form subdivision non-fiction
700 ## - ADDED ENTRY--PERSONAL NAME
Personal name Jackson, Ian
Relator term illustrator
942 ## - ADDED ENTRY ELEMENTS (KOHA)
Source of classification or shelving scheme Dewey Decimal Classification
Koha item type Books
Suppress in OPAC No
Holdings
Withdrawn status Lost status Source of classification or shelving scheme Damaged status Not for loan Collection Home library Current library Shelving location Date acquired Total Checkouts Full call number Barcode Date last seen Price effective from Koha item type
    Dewey Decimal Classification     Non-Fiction Footprints International School Library Network Toul Kork Campus Footprints International School Library Network Toul Kork Campus TTP Secondary Non-Fiction Bookshelves 11/19/2024   MIT 508 QH48 FIS01191 11/19/2024 11/19/2024 Books